All 50 U.S. States by Shape - Statistics

General Stats
  • This quiz has been taken 6,085 times
  • The average score is 39 of 50
Answer Stats
Picture Answer % Correct
California
95%
Florida
91%
Hawaii
91%
Louisiana
91%
Nevada
90%
Alaska
89%
Michigan
88%
Tennessee
88%
Colorado
87%
Massachusetts
87%
Texas
87%
Oklahoma
84%
New York
83%
Idaho
82%
New Jersey
82%
Georgia
81%
Vermont
81%
Wyoming
81%
Utah
80%
Wisconsin
80%
Indiana
79%
Kentucky
79%
Maine
79%
South Carolina
79%
Mississippi
77%
Virginia
77%
Maryland
76%
South Dakota
76%
Washington
76%
Alabama
75%
Montana
75%
New Mexico
75%
Delaware
74%
Illinois
74%
Connecticut
73%
New Hampshire
73%
North Carolina
73%
Oregon
73%
West Virginia
73%
Minnesota
72%
Ohio
72%
Kansas
71%
Nebraska
71%
Arizona
70%
Iowa
70%
Rhode Island
69%
Missouri
68%
North Dakota
66%
Pennsylvania
66%
Arkansas
64%
No matching quizzes found
Score Distribution
Percent of People with Each Score
Percentile by Number Answered
Your Score History
You have not taken this quiz